[Event "Girl's U20 RUS Chmp. 2009"]
[Site "Dagomys"]
[Date "2009.04.29"]
[Round "1"]
[White "Gunina, Valentina"]
[Black "Pustovoitova, Daria"]
[Result "1-0"]
[WhiteElo "2411"]
[BlackElo "2286"]
[Annotator ""]
[Source ""]
[Remark ""]

1.d4 d5 2.c4 e6 3.Nc3 c6 4.Nf3 Nf6 5.e3 Nbd7 6.Qc2 Bd6 7.Bd3
dxc4 8.Bxc4 O-O 9.O-O a6 10.Rd1 b5 11.Be2 Qc7 12.e4 e5 13.g3
Re8 14.a3 exd4 15.Nxd4 Be5 16.Be3 c5 17.Nf5 Nb6 18.Bf3 Nc4 19.Bg5
Bb7 20.a4 Nxb2 21.Bxf6 Bxf6 22.Rd6 Nc4 23.Rxf6 gxf6 24.Qc1 Bc8
25.Qh6 Bxf5 26.Nd5 Qe5 27.Nxf6+ Qxf6 28.Qxf6 Bg6 29.h4 Re6 30.Qc3
Rae8 31.axb5 Ne5 32.bxa6 Nxf3+ 33.Qxf3 Bxe4 34.Qg4+ Rg6 35.Qf4
c4 36.h5 Rge6 37.a7 h6 38.Re1 Bd5 39.Rxe6 Rxe6 40.a8Q+ Bxa8 41.Qb8+
Kg7 42.Qxa8 Re5 43.Qa1 f6 44.Qa7+ Kf8 45.Qb8+ Kg7 46.Qc7+ Kf8
47.g4 1-0

[Event "Girl's U20 RUS Chmp. 2009"]
[Site "Dagomys"]
[Date "2009.04.29"]
[Round "1"]
[White "Girya, Olga"]
[Black "Charochkina, Daria"]
[Result "0-1"]
[WhiteElo "2335"]
[BlackElo "2306"]
[Annotator ""]
[Source ""]
[Remark ""]

1.e4 e5 2.Nf3 Nf6 3.Nc3 Nc6 4.g3 d5 5.exd5 Nxd5 6.Bg2 Nxc3 7.bxc3
Bc5 8.O-O O-O 9.Re1 Re8 10.d3 Bg4 11.h3 Bh5 12.Be3 Bxe3 13.Rxe3
f5 14.Qb1 Rb8 15.Qb5 Qd6 16.Ng5 Kh8 17.Qc4 e4 18.dxe4 Ne5 19.Qd5
h6 20.Nf3 Qxd5 21.exd5 Nxf3+ 22.Rxf3 Bxf3 23.Bxf3 g6 24.c4 b6
25.Rd1 Kg7 26.Kg2 Rbd8 27.Rd3 Kf6 28.Ra3 a5 29.c5 Re1 30.Rc3
b5 31.Rb3 Rb8 32.Rd3 Ke5 33.d6 cxd6 34.Rxd6 Re8 35.Rd3 b4 36.c6
Rc8 37.Rd7 Kf6 38.Bd5 Re7 39.Rb7 Rxb7 40.cxb7 Rb8 41.f4 Ke7 42.Kf2
Kd6 43.Bf3 Kc7 44.Ke3 Re8+ 45.Kd2 g5 46.fxg5 hxg5 47.h4 gxh4
48.gxh4 f4 49.h5 Re3 0-1

[Event "Girl's U20 RUS Chmp. 2009"]
[Site "Dagomys"]
[Date "2009.04.29"]
[Round "1"]
[White "Severiukhina, Zoja"]
[Black "Tairova, Elena"]
[Result "1-0"]
[WhiteElo "2332"]
[BlackElo "2422"]
[Annotator ""]
[Source ""]
[Remark ""]

1.e4 c5 2.Nf3 d6 3.d4 cxd4 4.Nxd4 Nf6 5.Nc3 a6 6.Be3 e5 7.Nb3
Be6 8.Qd2 Nbd7 9.O-O-O Be7 10.f4 Ng4 11.g3 Nxe3 12.Qxe3 Nf6 13.Kb1
Rc8 14.f5 Bd7 15.Rg1 h5 16.h3 b5 17.a3 Qc7 18.g4 hxg4 19.hxg4
Rh4 20.Bd3 Nxg4 21.Qg3 g5 22.fxg6 fxg6 23.Nd5 Qd8 24.Rh1 Be6
25.Be2 g5 26.Bxg4 Bxg4 27.Rxh4 Bxd1 28.Rh8+ Bf8 29.Qf2 Kd7 30.Rh7+ 1-0

[Event "Girl's U20 RUS Chmp. 2009"]
[Site "Dagomys"]
[Date "2009.05.01"]
[Round "3"]
[White "Tairova, Elena"]
[Black "Charochkina, Daria"]
[Result "1-0"]
[WhiteElo "2422"]
[BlackElo "2306"]
[Annotator ""]
[Source ""]
[Remark ""]

1.e4 e5 2.f4 exf4 3.Nf3 g5 4.Bc4 Bg7 5.d4 d6 6.g3 g4 7.Nh4 f3
8.Be3 Bf6 9.Nc3 Ne7 10.Qd2 Ng6 11.Nf5 Bxf5 12.exf5 Ne7 13.Bd3
d5 14.O-O-O Nd7 15.Rde1 c5 16.Bb5 O-O 17.dxc5 Ne5 18.Bg5 N7c6
19.Bxf6 Qxf6 20.Qf4 f2 21.Re2 Nc4 22.Bxc4 dxc4 23.Rxf2 Kh8 24.Qxg4
Ne5 25.Qf4 Rfe8 26.Rd1 Qc6 27.Rd5 f6 28.Rfd2 Nf7 29.Qxc4 Re1+
30.Rd1 Ne5 31.Qd4 Rxd1+ 32.Qxd1 Qc8 33.g4 b6 34.Ne4 Qc6 35.g5
Nc4 36.Rd8+ 1-0

[Event "Girl's U20 RUS Chmp. 2009"]
[Site "Dagomys"]
[Date "2009.05.01"]
[Round "3"]
[White "Girya, Olga"]
[Black "Pustovoitova, Daria"]
[Result "0-1"]
[WhiteElo "2335"]
[BlackElo "2286"]
[Annotator ""]
[Source ""]
[Remark ""]

1.d4 d5 2.c4 e6 3.Nc3 c6 4.e3 Nf6 5.Nf3 Nbd7 6.Qc2 Bd6 7.b3 O-O
8.Be2 b6 9.O-O Bb7 10.Bb2 Qe7 11.Rfe1 Rfe8 12.Rad1 Rad8 13.g3
Nf8 14.Bf1 Qc7 15.Bg2 Ng6 16.a3 Qe7 17.Qc1 Qc7 18.Nd2 a6 19.Qb1
Be7 20.e4 dxe4 21.Ndxe4 Nxe4 22.Nxe4 f5 23.Nd2 Bf6 24.Nf3 c5
25.d5 Bxb2 26.Qxb2 exd5 27.Rxe8+ Rxe8 28.cxd5 Qd6 29.Qc2 Ne7
30.Ng5 Bc8 31.h4 h6 32.Nh3 g6 33.Re1 Kf7 34.Qd2 Ng8 35.Rxe8 Kxe8
36.Nf4 Kf7 37.Qe3 Nf6 38.a4 Ng4 39.Qe2 Ne5 40.Nd3 Nxd3 41.Qxd3
Qe5 42.Qd2 h5 43.f4 Qd4+ 44.Qxd4 cxd4 45.Kf2 Ke7 46.Ke2 Kd6 47.Kd3
Kc5 48.b4+ Kxb4 49.Kxd4 Kxa4 50.Ke5 Kb4 51.Kd6 a5 52.Kc7 Kc5
53.Kxc8 Kd6 54.Kb7 a4 55.Bf1 Kxd5 56.Kxb6 a3 57.Kb5 Ke4 58.Bc4
Kf3 59.Kb4 Kxg3 60.Kxa3 Kxh4 61.Bf7 Kg4 62.Bxg6 h4 63.Kb3 h3
64.Be8 Kxf4 65.Kc2 Ke3 66.Bd7 h2 67.Bc6 f4 68.Bh1 f3 69.Kd1 f2
70.Bg2 h1Q+ 0-1

[Event "Girl's U20 RUS Chmp. 2009"]
[Site "Dagomys"]
[Date "2009.05.01"]
[Round "3"]
[White "Severiukhina, Zoja"]
[Black "Gunina, Valentina"]
[Result "1/2-1/2"]
[WhiteElo "2332"]
[BlackElo "2411"]
[Annotator ""]
[Source ""]
[Remark ""]

1.e4 c6 2.d4 d5 3.exd5 cxd5 4.c4 Nf6 5.Nc3 g6 6.cxd5 Bg7 7.Bb5+
Nbd7 8.d6 O-O 9.dxe7 Qxe7+ 10.Nge2 a6 11.Bd3 b5 12.O-O Bb7 13.Bg5
Nb6 14.Rc1 Qd7 15.f3 Rfe8 16.Qb3 Rac8 17.Kh1 Nc4 18.Bxc4 Rxc4
19.a4 Nd5 20.axb5 axb5 21.Rcd1 h6 22.Bc1 Kh7 23.Ng3 Bc6 24.Nce2
f5 25.Qd3 Nb4 26.Qb1 Bd5 27.b3 Rcc8 28.Nf4 Qf7 29.Nxd5 Qxd5 30.Bf4
Nc2 31.Rd3 b4 32.Rfd1 Nxd4 33.Be3 Rxe3 34.Rxe3 f4 35.Qe4 Qxe4
36.Rxe4 fxg3 37.hxg3 Nf5 38.Rxb4 Nxg3+ 39.Kh2 Nf5 40.Rd7 Rc2
41.Kh3 Rf2 42.Rbb7 h5 43.Rd3 Kh6 44.Rb5 Nd4 45.Rb4 Nf5 46.Re4
Bf8 47.Re6 Kg5 48.g3 Bg7 49.Re4 Bf8 50.Re6 Bc5 51.f4+ Kh6 52.Rd5
Nd4 53.Re3 Bb6 54.g4 Nf5 55.g5+ Kg7 56.Rd7+ Kf8 57.Rc3 Ke8 58.Rb7
Bd8 59.Rc6 Rf3+ 60.Kh2 Rf2+ 61.Kh3 Rxf4 62.Rxg6 Be7 63.Re6 Rh4+
64.Kg2 Rg4+ 65.Kf2 Rf4+ 66.Ke1 h4 67.g6 h3 68.g7 Rg4 69.Rb8+
Kf7 70.g8Q+ Rxg8 71.Rxg8 Kxe6 72.Kf1 Bc5 73.Rh8 Ng3+ 74.Ke1 Bb4+
75.Kf2 Ne4+ 76.Kf3 Kf5 77.Rxh3 Ng5+ 1/2-1/2

[Event "Girl's U20 RUS Chmp. 2009"]
[Site "Dagomys"]
[Date "2009.05.02"]
[Round "4"]
[White "Pustovoitova, Daria"]
[Black "Charochkina, Daria"]
[Result "1-0"]
[WhiteElo "2286"]
[BlackElo "2306"]
[Annotator ""]
[Source ""]
[Remark ""]

1.e4 e6 2.d3 d5 3.f4 b6 4.Nf3 Bb7 5.e5 c5 6.g3 Nc6 7.Bg2 Qd7
8.Be3 f6 9.exf6 gxf6 10.Nbd2 O-O-O 11.Qe2 Nh6 12.O-O-O Nf5 13.Rhe1
Bh6 14.Bh3 Kb8 15.Bf2 Rhe8 16.g4 Nfd4 17.Nxd4 cxd4 18.g5 fxg5
19.Bxe6 Qg7 20.f5 Ka8 21.Qg4 Nb4 22.a3 Na6 23.Bxd4 Qf8 24.f6
Nc7 25.Bd7 Rxe1 26.Rxe1 Qd6 27.Re7 Qxh2 28.Be5 Qh1+ 29.Qd1 Qxd1+
30.Kxd1 Na6 31.f7 Rf8 32.Re8+ Nb8 33.Bxb8 1-0

[Event "Girl's U20 RUS Chmp. 2009"]
[Site "Dagomys"]
[Date "2009.05.02"]
[Round "4"]
[White "Gunina, Valentina"]
[Black "Tairova, Elena"]
[Result "1/2-1/2"]
[WhiteElo "2411"]
[BlackElo "2422"]
[Annotator ""]
[Source ""]
[Remark ""]

1.d4 d5 2.c4 c6 3.Nc3 Nf6 4.Nf3 dxc4 5.e3 b5 6.a4 b4 7.Na2 e6
8.Bxc4 Be7 9.O-O O-O 10.b3 Bb7 11.Bb2 Nbd7 12.Qe2 a5 13.Nc1 Nb6
14.Ne5 Nxc4 15.bxc4 c5 16.Nb3 Qc7 17.Rfd1 Rfd8 18.dxc5 Bxc5 19.Rxd8+
Rxd8 20.Rd1 Be7 21.f3 h6 22.Rxd8+ Bxd8 23.Qd3 Be7 24.Qd1 Bd6
25.Qd4 Bxe5 26.Qxe5 Qxe5 27.Bxe5 Nd7 28.Bd6 Bc6 29.Nxa5 Bxa4
30.Bxb4 Ne5 31.Bc3 Nc6 32.Nb7 Bb3 33.Nd6 Kf8 34.Kf2 f6 35.Kg3
Ke7 36.c5 Nd8 37.Kg4 g6 38.h4 h5+ 39.Kg3 e5 40.Kf2 Nf7 41.Ne4
Bd5 42.Nd2 Kd7 43.e4 Be6 44.Ba5 Kc6 45.Bb6 Nd6 46.Bd8 Kxc5 47.Bxf6
Kd4 48.Nf1 Nc4 49.Ke2 Bc8 50.Nd2 Nxd2 51.Kxd2 Ba6 52.Be7 Bf1
53.g3 Bg2 54.Ke2 Bh3 55.Ba3 Bc8 56.Bb2+ Kc5 57.Bxe5 Kc6 58.Ke3
Kd7 59.Kf4 Ke6 60.g4 hxg4 61.fxg4 g5+ 62.Kxg5 Kxe5 63.h5 Bb7
64.Kh6 Bxe4 65.g5 Kf5 66.g6 Kg4 67.g7 Bd5 68.Kg6 Be4+ 69.Kf6
Bh7 70.h6 1/2-1/2

[Event "Girl's U20 RUS Chmp. 2009"]
[Site "Dagomys"]
[Date "2009.05.03"]
[Round "5"]
[White "Tairova, Elena"]
[Black "Girya, Olga"]
[Result "1-0"]
[WhiteElo "2422"]
[BlackElo "2335"]
[Annotator ""]
[Source ""]
[Remark ""]

1.e4 c5 2.d4 cxd4 3.c3 Nf6 4.e5 Nd5 5.Nf3 Nc6 6.Bc4 Nc7 7.cxd4
d5 8.exd6 exd6 9.d5 Ne5 10.Be2 Be7 11.Nc3 Nxf3+ 12.Bxf3 O-O 13.O-O
Bf5 14.Ne4 Na6 15.Bf4 Rc8 16.Rc1 Rxc1 17.Qxc1 b6 18.b4 Nxb4 19.Qc4
a5 20.a3 b5 21.Qxb5 Bd7 22.Qc4 Qb8 23.Rb1 Bb5 24.Qb3 Bd3 25.Rb2
Bxe4 26.Bxe4 f5 27.Bd3 Bf6 28.Rb1 1-0

[Event "Girl's U20 RUS Chmp. 2009"]
[Site "Dagomys"]
[Date "2009.05.03"]
[Round "5"]
[White "Charochkina, Daria"]
[Black "Gunina, Valentina"]
[Result "0-1"]
[WhiteElo "2306"]
[BlackElo "2411"]
[Annotator ""]
[Source ""]
[Remark ""]

1.e4 c6 2.d4 d5 3.e5 Bf5 4.h4 h6 5.g4 Bd7 6.Nd2 e6 7.Nb3 c5 8.dxc5
Bxc5 9.Nxc5 Qa5+ 10.c3 Qxc5 11.Nf3 Ne7 12.h5 Qc7 13.Bd3 Nbc6
14.Bf4 O-O-O 15.Qe2 Kb8 16.Bg3 d4 17.O-O dxc3 18.bxc3 g6 19.Kh2
Qa5 20.c4 Ka8 21.Rab1 Nb4 22.Be4 Bc6 23.Rb2 Na6 24.Rfb1 Nc5 25.Bxc6
Nxc6 26.Bf4 Rd7 27.Bd2 Qa3 28.Be3 g5 29.Rb5 Qd3 30.Qb2 Na4 31.Qc1
Qe4 32.Kg3 a6 33.Qa3 axb5 34.cxb5 Qxb1 35.Qxa4+ Kb8 36.bxc6 bxc6
37.Nd4 Rxd4 38.Qxd4 Qb7 39.a4 Kc8 40.Qc5 Rd8 41.Kg2 Qa6 42.Qb4
Qd3 43.Bb6 Qd5+ 44.Kg1 Rd7 45.Qf8+ Kb7 46.Qb4 Ka6 47.a5 Qxe5
48.Qf8 Kb5 49.Qa3 Rd1+ 50.Kg2 Qe4+ 51.f3 Rd2+ 52.Kh3 Rd3 53.Qb2+
Ka6 54.Bf2 Qxf3+ 0-1

[Event "Girl's U20 RUS Chmp. 2009"]
[Site "Dagomys"]
[Date "2009.05.05"]
[Round "6"]
[White "Girya, Olga"]
[Black "Tairova, Elena"]
[Result "0-1"]
[WhiteElo "2335"]
[BlackElo "2422"]
[Annotator ""]
[Source ""]
[Remark ""]

1.e4 d5 2.exd5 Nf6 3.d4 Bg4 4.Nf3 Qxd5 5.Be2 Nc6 6.c4 Qd6 7.d5
Bxf3 8.gxf3 Ne5 9.Nc3 g6 10.Be3 c6 11.Qd4 Bg7 12.f4 Ned7 13.Bf3
c5 14.Qd2 a6 15.Rg1 O-O 16.h4 e6 17.O-O-O Rab8 18.Rge1 e5 19.Kb1
e4 20.Bxe4 b5 21.Bd3 bxc4 22.Bxc4 Rb4 23.Qd3 Nb6 24.Bxa6 Nfxd5
25.Bd2 Rb8 26.b3 Qf6 27.Re5 Nxf4 28.Bxf4 Rxf4 29.Rxc5 Na4 30.Nxa4
Rxa4 0-1

[Event "Girl's U20 RUS Chmp. 2009"]
[Site "Dagomys"]
[Date "2009.05.05"]
[Round "6"]
[White "Pustovoitova, Daria"]
[Black "Severiukhina, Zoja"]
[Result "0-1"]
[WhiteElo "2286"]
[BlackElo "2332"]
[Annotator ""]
[Source ""]
[Remark ""]

1.d4 Nf6 2.c4 c5 3.d5 b5 4.cxb5 a6 5.b6 Qxb6 6.Nc3 d6 7.e4 g6
8.Nf3 Bg7 9.Bd3 O-O 10.O-O e6 11.Nd2 exd5 12.exd5 Nbd7 13.Nc4
Qc7 14.Bf4 Ne5 15.Bxe5 dxe5 16.Re1 Ne8 17.Qe2 Bb7 18.Nxe5 Nd6
19.f4 Rfe8 20.Qf2 c4 21.Bc2 Nb5 22.Ba4 f6 23.Bxb5 axb5 24.Ng4
b4 25.Ne2 f5 26.Ne5 Bxd5 27.Rad1 Bxe5 28.fxe5 Rxe5 29.Nf4 Bf7
30.Qd4 Rxe1+ 31.Rxe1 Qa7 32.Qxa7 Rxa7 33.Ra1 Rd7 34.a3 b3 35.Kf1
Rd2 36.Rb1 c3 37.bxc3 Bc4+ 38.Ke1 Rc2 39.Kd1 g5 0-1

[Event "Girl's U20 RUS Chmp. 2009"]
[Site "Dagomys"]
[Date "2009.05.05"]
[Round "6"]
[White "Gunina, Valentina"]
[Black "Charochkina, Daria"]
[Result "0-1"]
[WhiteElo "2411"]
[BlackElo "2306"]
[Annotator ""]
[Source ""]
[Remark ""]

1.d4 Nf6 2.c4 g6 3.g3 Bg7 4.Bg2 d5 5.Nf3 O-O 6.cxd5 Nxd5 7.O-O
Nb6 8.Nc3 Nc6 9.e3 e5 10.d5 Ne7 11.e4 h6 12.b3 f5 13.Ba3 Rf7
14.Nd2 fxe4 15.Ndxe4 Nf5 16.Nc5 Nd4 17.Ne6 Nxe6 18.dxe6 Bxe6
19.Bxb7 Rd7 20.Qe2 Rd2 21.Qe3 Rd3 22.Qc1 Bh3 23.Re1 e4 24.Bb2
Qf6 25.Nd1 Qf3 26.Bxe4 Re8 27.Ne3 Rxe4 28.Qc2 Bxb2 29.Qxb2 Nd5
30.Qe2 Qxe2 31.Rxe2 Nxe3 32.Rc1 Bg4 33.Ree1 Rd7 34.fxe3 Re6 35.Rc2
Bf3 36.Rec1 c6 37.Re1 Rd3 38.Kf2 Be4 39.Rc4 Bd5 40.Ra4 Re7 41.e4
Rd2+ 42.Kf3 Rxh2 43.Rc1 Bf7 44.Rxc6 Be8 45.Rc8 Kg7 46.Ra6 Bb5
47.Ra5 a6 48.a4 Be2+ 49.Ke3 Bg4 50.Rc4 Re2+ 51.Kf4 Be6 52.Rb4
Re1 53.Rc5 g5+ 54.Ke5 Rd1 0-1

[Event "Girl's U20 RUS Chmp. 2009"]
[Site "Dagomys"]
[Date "2009.05.07"]
[Round "8"]
[White "Tairova, Elena"]
[Black "Pustovoitova, Daria"]
[Result "1-0"]
[WhiteElo "2422"]
[BlackElo "2286"]
[Annotator ""]
[Source ""]
[Remark ""]

1.e4 c5 2.Nf3 e6 3.c3 d5 4.exd5 Qxd5 5.d4 cxd4 6.cxd4 Nc6 7.Nc3
Qd6 8.Bc4 Nf6 9.O-O Be7 10.Qe2 O-O 11.Rd1 Nb4 12.Ne5 Nbd5 13.Rd3
a6 14.a4 b6 15.Rg3 Rd8 16.h4 Bb7 17.h5 Bf8 18.Qf3 Qe7 19.Bg5
Nxc3 20.Bxf6 Bxf3 21.Bxe7 Bxe7 22.Rxf3 Nd5 23.Rxf7 Bf6 24.Rb7
Rd6 25.Re1 a5 26.h6 Rc8 27.b3 Nc7 28.hxg7 Bxg7 29.Re4 Bf6 30.g3
h5 31.Kg2 Ne8 32.Nf7 Rxd4 33.Rxe6 Kf8 34.Nh6 1-0

[Event "Girl's U20 RUS Chmp. 2009"]
[Site "Dagomys"]
[Date "2009.05.07"]
[Round "8"]
[White "Girya, Olga"]
[Black "Gunina, Valentina"]
[Result "0-1"]
[WhiteElo "2335"]
[BlackElo "2411"]
[Annotator ""]
[Source ""]
[Remark ""]

1.e4 c5 2.Nc3 Nc6 3.Bb5 g6 4.Bxc6 bxc6 5.d3 Bg7 6.f4 d6 7.Nf3
Nf6 8.O-O O-O 9.Qe1 Rb8 10.Qh4 c4 11.dxc4 Rxb2 12.Bxb2 Qb6+ 13.Kh1
Qxb2 14.Qe1 Nh5 15.e5 Nxf4 16.Nd4 dxe5 17.Rb1 Qa3 18.Nxc6 Qc5
19.Nxe7+ Qxe7 20.Rxf4 Qe6 21.Rf2 Qxc4 22.Ne4 Qc6 23.Qe3 f5 24.Ng5
h6 25.Nf3 f4 26.Qxa7 e4 27.Nd4 Qd5 28.c3 e3 29.Rfb2 g5 30.Qb6
g4 31.Qb3 Qxb3 32.Rxb3 Ba6 33.Rb8 Bxd4 34.Rxf8+ Kxf8 35.cxd4
f3 36.gxf3 gxf3 37.Kg1 Ke7 38.h4 Bd3 39.Rc1 Ke6 40.a4 Kd5 41.Kh2
Kxd4 42.Kg3 f2 43.Kg2 Ke4 44.a5 Kf4 45.a6 Bxa6 46.h5 f1Q+ 0-1

[Event "Girl's U20 RUS Chmp. 2009"]
[Site "Dagomys"]
[Date "2009.05.08"]
[Round "9"]
[White "Gunina, Valentina"]
[Black "Severiukhina, Zoja"]
[Result "1-0"]
[WhiteElo "2411"]
[BlackElo "2332"]
[Annotator ""]
[Source ""]
[Remark ""]

1.d4 Nf6 2.c4 g6 3.Nc3 Bg7 4.g3 O-O 5.Bg2 d6 6.Nf3 Nbd7 7.O-O
e5 8.h3 Re8 9.e4 exd4 10.Nxd4 Nc5 11.Re1 a5 12.Qc2 c6 13.Be3
a4 14.Rad1 Qe7 15.Kh2 h5 16.f4 Nfd7 17.Qf2 a3 18.b3 Ne6 19.Nxe6
Qxe6 20.Bd4 f6 21.Re2 Qf7 22.Bf3 Nf8 23.Be3 Qe6 24.Bg2 Nh7 25.f5
gxf5 26.Bf4 Rd8 27.c5 fxe4 28.Nxe4 d5 29.Nd6 Qd7 30.Qf3 Nf8 31.Rde1
Ng6 32.Qxh5 Ne5 33.Bxe5 fxe5 34.Rxe5 1-0

[Event "Girl's U20 RUS Chmp. 2009"]
[Site "Dagomys"]
[Date "2009.05.09"]
[Round "10"]
[White "Charochkina, Daria"]
[Black "Pustovoitova, Daria"]
[Result "0-1"]
[WhiteElo "2306"]
[BlackElo "2286"]
[Annotator ""]
[Source ""]
[Remark ""]

1.d4 d5 2.c4 e6 3.Nc3 c6 4.cxd5 exd5 5.Nf3 Bd6 6.Qc2 Ne7 7.Bd2
Na6 8.a3 Nc7 9.h3 Bf5 10.e4 dxe4 11.Nxe4 Bxe4 12.Qxe4 Qd7 13.O-O-O
f6 14.Bc4 O-O-O 15.Ne5 Bxe5 16.dxe5 Qd4 17.Qc2 Qxf2 18.Rhf1 Qxg2
19.Rg1 Qxh3 20.Rxg7 Nf5 21.Rf7 Ne3 22.Qb3 Rxd2 23.Kxd2 Rd8+ 24.Ke2
Qh5+ 25.Kxe3 Qxe5+ 26.Kf2 Qf4+ 27.Ke1 Qh4+ 28.Ke2 Qe4+ 29.Kf2
Qf4+ 30.Ke1 Qh4+ 31.Ke2 Qh2+ 32.Kf3 Qh5+ 33.Kf2 Rxd1 34.Rf8+
Kd7 35.Rf7+ Kd8 36.Qg3 Qc5+ 37.Kf3 Qf5+ 38.Ke2 Qf1+ 39.Ke3 Nd5+ 0-1

[Event "Girl's U20 RUS Chmp. 2009"]
[Site "Dagomys"]
[Date "2009.05.09"]
[Round "10"]
[White "Severiukhina, Zoja"]
[Black "Girya, Olga"]
[Result "1/2-1/2"]
[WhiteElo "2332"]
[BlackElo "2335"]
[Annotator ""]
[Source ""]
[Remark ""]

1.e4 c5 2.Nf3 Nc6 3.d4 cxd4 4.Nxd4 Qb6 5.Nb3 Nf6 6.Nc3 e6 7.Bd3
Qc7 8.O-O a6 9.f4 d6 10.Be3 b5 11.a3 Be7 12.Qf3 Bb7 13.Rae1 g6
14.g4 b4 15.axb4 Nxb4 16.g5 Nd7 17.Qf2 h6 18.Ra1 hxg5 19.Na5
gxf4 20.Bxf4 Rh7 21.Bc4 Nc6 22.Nxb7 Qxb7 23.Qe2 g5 24.Bg3 a5
25.Rfd1 Nde5 26.Nb5 Rd8 27.Kg2 f5 28.Bxe5 Nxe5 29.Bxe6 f4 30.Nd4
Bf6 31.h3 f3+ 32.Nxf3 Ng6 33.Qc4 Nf4+ 34.Kf1 Rc7 35.Qa4+ Kf8
36.Bg4 Qa6+ 37.c4 Rxc4 38.Qxa5 Qxa5 39.Rxa5 Rxe4 40.Nxg5 Re5
41.Rxe5 Bxe5 42.b3 Rb8 43.Ne6+ Nxe6 44.Bxe6 Ke7 45.Bd5 Rc8 46.Bc4
Ra8 47.Ke2 Ra2+ 48.Kf3 Rh2 49.Kg4 Rf2 50.Bd5 Kf6 51.Bf3 Rb2 52.Bd5
Rf2 53.Bf3 Rb2 54.Bd5 1/2-1/2